书目信息 |
| 题名: |
老舍代表作
|
|
| 作者: | ;中国现代文学百家 编 | |
| 分册: | 下 | |
| 出版信息: | 北京 华夏出版社 2009.10 |
|
| 页数: | 336页 | |
| 开本: | 20cm | |
| 丛书名: | ||
| 单 册: | ||
| 中图分类: | I217.22 | |
| 科图分类: | ||
| 主题词: | 文学--作品集--中国 | |
| 电子资源: | ||
| ISBN: | 978-7-5080-1098-4 | |
| 000 | 00670nam0 2200217 45 | |
| 001 | 0935711171 | |
| 005 | 20091030095901.78 | |
| 010 | @a978-7-5080-1098-4@dCNY29.00 | |
| 100 | @a20090515d2009 ekmy0 y0120 ea | |
| 102 | @aCN@b130000 | |
| 102 | @aCN@b110000 | |
| 105 | @ay z 000yy | |
| 200 | 1 | @a老舍代表作@Alao she dai biao zuo@h下@f中国现代文学百家编@Fzhong guo xian dai wen xue bai jia bian |
| 210 | @a北京@c华夏出版社@d2009.10 | |
| 215 | @a336页@d20cm | |
| 606 | 0 | @a文学@x作品集@x中国 |
| 690 | @aI217.22@v4 | |
| 711 | 02 | @a中国现代文学百家@Azhong guo xian dai wen xue bai jia@4编 |
| 801 | 0 | @aCN@c20091030 |
| 905 | @a10447@dI217.22@eL072 | |
| 906 | @d58@n2@r1 | |
| 老舍代表作.下/中国现代文学百家编.-北京:华夏出版社,2009.10 |
| 336页;20cm |
| ISBN 978-7-5080-1098-4:CNY29.00 |
| ● |
| 相关链接 |
|
|
|
正题名:老舍代表作
索取号:I217.22/L072
 
预约/预借
| 序号 | 登录号 | 条形码 | 馆藏地/架位号 | 状态 | 备注 |
| 1 | 658724 | 206587246 | 文学库108/108文学库 15排7列2层/ [索取号:I217.22/L072] | 在馆 | |
| 2 | 658725 | 206587255 | 文学库108/108文学库 15排7列2层/ [索取号:I217.22/L072] | 在馆 | |
| 3 | 658726 | 206587264 | 文学库108/108文学库 12排3列4层/ [索取号:I217.22/L072] | 在馆 | |
| 4 | 658727 | 206587273 | 社科二线422/422社科库 20排1列6层/ [索取号:I217.22/L072] | 在馆 |